000 01008nam a22002897a 4500
001 BR9607572
003 BR-BrBNA
005 20230928095321.0
007 ta
008 230509b bl.||||| |||| 00| 0 por d
040 _aBR-BrBNA
_bpor
_cBiblioteca Nacional de Agricultura
041 _a(Por)
072 _aF01
_b3322
090 _ 3322 BR9607572
100 1 _aMarques, D. de A.
110 1 _aEscola Superior de Agricultura Luiz de Queiroz, Piracicaba, SP (Brasil)
_0Tese (Mestre em Ciencias)
245 1 _aInfluencia de fitorreguladores e de fontes de nitrogenio na morfogenese "in vitro" de Chrysanthemum morifolium (Ramat)Tzvelev CV. amarelo Sao Paulo
260 3 _aPiracicaba, SP (Brasil):
_c1996.
300 _a103 p.
500 _aSummaries (Eng, Por); 19 illus.; 14 tables; Bibliography p. 75-90
650 _aCrisantemo
650 _aEstimulante de Crescimento Vegetal
650 _aNitrogenio
650 _aReproducao Vegetal
909 _a202309
_bLucia
_c55
_dLucia Elande
942 _cBK
999 _c55851
_d55851